Statistiken für Schleswig-Holstein - Quiz

Klicken Sie hier um das Quiz zu spielen!

Allgemein

  • Dieses Quiz wurde 5.183 mal gespielt
  • Das Durchschnittsergebnis liegt bei 13 aus 20

Antwortstatistiken

HinweisAntwort% Korrekt
HauptstadtKiel
99%
Stadt, in der Autofahrer Punkte sammeln könnenFlensburg
96%
Angrenzendes LandDänemark
94%
Angrenzendes Meer im WestenNordsee
93%
Angrenzendes Meer im OstenOstsee
93%
Metropole, die an Schleswig-Holstein grenzt und großen Einfluss ausübtHamburg
91%
Fluss, der Schleswig-Holstein von Niedersachsen trenntElbe
84%
Größte Insel dieser InselketteSylt
84%
Zweitgrößte StadtLübeck
82%
Eines der größten Heavy-Metal-Festivals der Welt und eines der größten Open-Air-Festivals DeutschlandsWacken Open Air
71%
Insel, die knapp 50 Kilometer vom Festland entfernt ist und auf der z.B. keine Mehrwertsteuer erhoben wirdHelgoland
67%
Größte Insel Schleswig HolsteinsFehmarn
53%
Einer der größten deutschen FreizeitparksHansa-Park
48%
Die einzige kreisfreie Stadt neben den drei oben genanntenNeumünster
43%
Stadtteil dieser Metropole, der einst zu Schleswig-Holstein gehörte und damals dessen größte Stadt warAltona
40%
Inselkette westlich vom FestlandNordfriesische Inseln
39%
Verfassungsrechtlich anerkannte Minderheitenpartei, die bei der Bundestagswahl 2021 einen Sitz im Bundestag erlangteSüdschleswigscher Wählerverband
37%
Halbinsel, auf der Schleswig-Holstein größtenteils liegtJütland
32%
Ehemaliger Name des Kanals, der diese beiden Meere miteinander verbindetKaiser-Wilhelm-Kanal
24%
Begründer der Quantenphysik, der den Nobelpreis für Physik 1918 erhalten hatMax Planck
22%

Verteilung der Resultate

Perzentil nach korrekt beantworteten Fragen

Anzahl Personen mit jedem Resultat

Ihre Resultats-Entwicklung

Sie haben dieses Quiz noch nicht gespielt